[Event "4NCL Online Division 5"]
[Site "online"]
[Date "2022.02.08"]
[EventDate "2022.02.08"]
[Round "2.71"]
[White "Dunn, Jeff"]
[WhiteElo "1355"]
[WhiteTeam "East Kilbride Rovers"]
[Black "Arora, Aarna"]
[BlackElo "1292"]
[BlackTeam "Barnet Knights D"]
[Result "1-0"]
[PlyCount "99"]

1. d4 Nf6 2. Nf3 e6 3. e3 b6 4. Bd3 Bb7 5. Nbd2 d6 6. O-O Be7 7. c3 Nbd7 8. e4 O-O 9. Qe2 c5 10. h3 h6 11. Re1 Nh5 12. Nf1 Qc7 13. N3h2 Nhf6 14. f4 e5 15. d5 exf4 16. Bxf4 Ne5 17. Bxe5 dxe5 18. Nf3 Nh5 19. g3 Bc8 20. Qh2 Qd7 21. Nxe5 Qxh3 22. Qxh3 Bxh3 23. Be2 Nf6 24. Nd2 Bd6 25. Kh2 Bxe5 26. Kxh3 Rfe8 27. Bb5 Re7 28. Nc4 Bb8 29. Bc6 Rxe4 30. Bxa8 Rxc4 31. Rad1 Bd6 32. Bc6 Rg4 33. Re3 Rg5 34. Rg1 Nxd5 35. Rd3 Rh5+ 36. Kg2 Re5 37. Rxd5 Re2+ 38. Kf3 Re6 39. Rgd1 Rf6+ 40. Kg2 Be7 41. Bb5 Re6 42. Rd7 Re2+ 43. Bxe2 Bf6 44. Bd3 g6 45. Rf1 Kg7 46. Rd6 Be5 47. Rd7 Kg8 48. Rfxf7 g5 49. Bh7+ Kh8 50. Rd8# 1-0

[Event "4NCL Online Division 5"]
[Site "online"]
[Date "2022.02.08"]
[EventDate "2022.02.08"]
[Round "2.72"]
[White "Parikh, Yashvi"]
[WhiteElo "1193"]
[WhiteTeam "Barnet Knights D"]
[Black "Shrestha, Deepesh"]
[BlackElo "1233"]
[BlackTeam "East Kilbride Rovers"]
[Result "1-0"]
[PlyCount "55"]

1. e4 c6 2. Bc4 d5 3. exd5 cxd5 4. Bb5+ Bd7 5. Bxd7+ Nxd7 6. Nf3 e6 7. Nc3 Ngf6 8. d4 a6 9. a4 Bd6 10. Bg5 Qc7 11. Bxf6 Nxf6 12. Qd3 h6 13. O-O g5 14. Rfe1 g4 15. Ne5 O-O-O 16. Rab1 Bxe5 17. Rxe5 h5 18. b4 h4 19. b5 g3 20. fxg3 hxg3 21. Qxg3 Rdg8 22. Qf4 Ng4 23. bxa6 bxa6 24. Nxd5 Qxc2 25. Rc1 Qxc1+ 26. Qxc1+ Kd7 27. Qc7+ Ke8 28. Qe7# 1-0

[Event "4NCL Online Division 5"]
[Site "online"]
[Date "2022.02.08"]
[EventDate "2022.02.08"]
[Round "2.73"]
[White "Roul, Tushar"]
[WhiteElo "472"]
[WhiteTeam "East Kilbride Rovers"]
[Black "Rowland, Benjamin"]
[BlackElo "1112"]
[BlackTeam "Barnet Knights D"]
[Result "1/2-1/2"]
[PlyCount "77"]

1. e4 c6 2. d4 d5 3. Nc3 dxe4 4. Bc4 Bf5 5. f3 exf3 6. Nxf3 e6 7. O-O Nf6 8. Bg5 Be7 9. Nh4 Bg6 10. Nxg6 hxg6 11. Ne2 Qd6 12. Bf4 Qd8 13. c3 Bd6 14. h3 Bxf4 15. Nxf4 Nbd7 16. a3 Qc7 17. a4 a5 18. Qc2 O-O-O 19. Bxe6 g5 20. Bxd7+ Rxd7 21. Nd3 g4 22. Ne5 Re7 23. Qf5+ Kb8 24. Nxg4 Nxg4 25. Qxg4 g6 26. Rae1 Rhe8 27. Rxe7 Rxe7 28. Qd1 Qb6 29. Qc2 Qa6 30. c4 Rd7 31. Rd1 Qb6 32. c5 Qb4 33. Qe4 Qxa4 34. Qe8+ Ka7 35. Qxd7 Qxd1+ 36. Kh2 Qd2 37. b3 Qb4 38. Qxf7 Qxd4 39. Qxg6 1/2-1/2

[Event "4NCL Online Division 5"]
[Site "online"]
[Date "2022.02.08"]
[EventDate "2022.02.08"]
[Round "2.74"]
[White "Scheffel, Charlie"]
[WhiteElo "1179"]
[WhiteTeam "Barnet Knights D"]
[Black "Roul, Karan"]
[BlackElo "455"]
[BlackTeam "East Kilbride Rovers"]
[Result "0-1"]
[PlyCount "46"]

1. e4 d5 2. exd5 Nf6 3. Nc3 Nxd5 4. Nxd5 Qxd5 5. Nf3 Nc6 6. Be2 e5 7. O-O e4 8. Re1 Be6 9. d3 exf3 10. Bxf3 Qd7 11. Be3 Bd6 12. d4 Nb4 13. Bd2 O-O 14. a3 Nd5 15. c4 Nf4 16. d5 Bf5 17. b4 Nd3 18. Rf1 Rfe8 19. c5 Be5 20. Ra2 a6 21. Be2 Qxd5 22. Rc2 Nf4 23. Rc4 Qxg2# 0-1

[Event "4NCL Online Division 5"]
[Site "online"]
[Date "2022.02.08"]
[EventDate "2022.02.08"]
[Round "2.82"]
[White "Brown, Hugh"]
[WhiteElo "1305"]
[WhiteTeam "Manaccan Maulers"]
[Black "Killey, Ainsley"]
[BlackElo "1566"]
[BlackTeam "Stroud Middlies"]
[Result "1-0"]
[PlyCount "83"]

1. Nf3 d5 2. d4 Nf6 3. g3 e6 4. Bg2 c5 5. e3 Nc6 6. O-O Be7 7. c3 O-O 8. Ne5 Qc7 9. Nxc6 Qxc6 10. Nd2 Rd8 11. Nf3 Bd6 12. Ne5 Qc7 13. f4 Ne4 14. Bxe4 dxe4 15. Qc2 cxd4 16. exd4 f6 17. Ng4 f5 18. Ne5 b6 19. Qe2 g6 20. a4 a5 21. Qb5 Ba6 22. Qc6 Bxf1 23. Qxc7 Bxc7 24. Kxf1 Bxe5 25. fxe5 Rd5 26. Be3 b5 27. b3 Kg7 28. Ke2 h6 29. h4 Rc8 30. Kd2 Rc7 31. Kc2 bxa4 32. Rxa4 Rc6 33. b4 axb4 34. Rxb4 Rd7 35. Kb3 Ra7 36. d5 Ra3+ 37. Kxa3 Rxc3+ 38. Rb3 Rxb3+ 39. Kxb3 exd5 40. Kc3 Kf7 41. Kd4 Ke6 42. Bxh6 1-0

[Event "4NCL Online Division 5"]
[Site "online"]
[Date "2022.02.08"]
[EventDate "2022.02.08"]
[Round "2.83"]
[White "Markey, Kevin D"]
[WhiteElo "1447"]
[WhiteTeam "Stroud Middlies"]
[Black "James, John"]
[BlackElo "1248"]
[BlackTeam "Manaccan Maulers"]
[Result "1/2-1/2"]
[PlyCount "59"]

1. d4 d5 2. Nf3 e6 3. Bf4 Nf6 4. e3 Bd7 5. Bd3 c5 6. c4 dxc4 7. Bxc4 b5 8. Be2 Nc6 9. dxc5 Bxc5 10. O-O a6 11. Nbd2 O-O 12. Rc1 Bb6 13. a3 Rc8 14. Qb3 Re8 15. Ne5 Nxe5 16. Bxe5 Bc6 17. Bf3 Bxf3 18. Nxf3 Ne4 19. Rcd1 Qe7 20. Qd3 Nc5 21. Qe2 Bc7 22. Bxc7 Rxc7 23. h3 Ne4 24. Nd2 Rc2 25. Qd3 Nxd2 26. Rxd2 Rxd2 27. Qxd2 Rd8 28. Qa5 Qd6 29. Rc1 g6 30. g3 1/2-1/2

[Event "4NCL Online Division 5"]
[Site "online"]
[Date "2022.02.08"]
[EventDate "2022.02.08"]
[Round "2.84"]
[White "Rundle, Anthony"]
[WhiteElo "1200"]
[WhiteTeam "Manaccan Maulers"]
[Black "Fox, Leo"]
[BlackElo "1282"]
[BlackTeam "Stroud Middlies"]
[Result "1-0"]
[PlyCount "59"]

1. e4 e5 2. Nf3 Nc6 3. Bc4 Bc5 4. c3 Nf6 5. d4 exd4 6. e5 Qe7 7. O-O Nxe5 8. Nxe5 d6 9. Nxf7 O-O 10. Nxd6+ Kh8 11. Nxc8 Raxc8 12. cxd4 Rcd8 13. Be3 Qd6 14. Nc3 Ng4 15. Qxg4 Bxd4 16. Rad1 c5 17. Nb5 Qa6 18. Bxd4 cxd4 19. Rxd4 Qa4 20. Rxd8 Rxd8 21. Qe2 a6 22. Nc3 Qc6 23. h3 b5 24. Rd1 Re8 25. Bd5 Qg6 26. Qf3 b4 27. Bf7 Rf8 28. Bxg6 Rxf3 29. Rd8+ Rf8 30. Rxf8# 1-0

[Event "4NCL Online Division 5"]
[Site "online"]
[Date "2022.02.08"]
[EventDate "2022.02.08"]
[Round "2.91"]
[White "Adatia, Amar"]
[WhiteElo "1432"]
[WhiteTeam "Streatham C"]
[Black "McKechnie, Joel"]
[BlackElo "1303"]
[BlackTeam "Watford Juniors B"]
[Result "1-0"]
[PlyCount "55"]

1. d4 d5 2. c4 e6 3. Nf3 g6 4. Bf4 Bg7 5. Nc3 Nc6 6. e3 Nf6 7. Bd3 a6 8. Rc1 O-O 9. h3 Nh5 10. Bh2 Re8 11. O-O Re7 12. Qc2 Qe8 13. cxd5 exd5 14. Nxd5 Be6 15. Nxe7+ Qxe7 16. a3 Bd5 17. e4 Be6 18. d5 Bxd5 19. exd5 Nd4 20. Nxd4 Bxd4 21. Qxc7 Qxc7 22. Rxc7 Bxb2 23. d6 Bxa3 24. d7 Nf6 25. Rc8+ Rxc8 26. dxc8=Q+ Bf8 27. Bd6 Kg7 28. Qxf8# 1-0

[Event "4NCL Online Division 5"]
[Site "online"]
[Date "2022.02.08"]
[EventDate "2022.02.08"]
[Round "2.94"]
[White "Koripalli, Pooja"]
[WhiteElo "881"]
[WhiteTeam "Watford Juniors B"]
[Black "McNeil, Eric Dylan"]
[BlackElo "1061"]
[BlackTeam "Streatham C"]
[Result "0-1"]
[PlyCount "48"]

1. e4 c6 2. d3 d5 3. Nc3 dxe4 4. dxe4 Qc7 5. Qf3 Nf6 6. Bf4 e5 7. Bg5 Be7 8. O-O-O Bg4 9. Qd3 Bxd1 10. Qxd1 O-O 11. Qf3 Nbd7 12. Qg3 b5 13. Bh6 g6 14. Bxf8 Bxf8 15. h4 b4 16. Na4 Nxe4 17. Qf3 Bh6+ 18. Kd1 Qd6+ 19. Bd3 Ndc5 20. Nxc5 Nxc5 21. Ne2 e4 22. Qe3 Bxe3 23. fxe3 exd3 24. cxd3 Qxd3+ 0-1

[Event "4NCL Online Division 5"]
[Site "online"]
[Date "2022.02.08"]
[EventDate "2022.02.08"]
[Round "2.101"]
[White "Verbytski, Oleg"]
[WhiteElo "1492"]
[WhiteTeam "Charlton Cobras C"]
[Black "Hutton, Allan"]
[BlackElo "1548"]
[BlackTeam "Hertford 3"]
[Result "1/2-1/2"]
[PlyCount "76"]

1. e4 c6 2. d4 d5 3. Nc3 dxe4 4. Nxe4 Bf5 5. Ng3 Bg6 6. Nf3 Nd7 7. Bd3 Bxd3 8. Qxd3 e6 9. Bf4 Ngf6 10. O-O-O Nd5 11. Bd2 Bd6 12. c4 N5f6 13. Rde1 O-O 14. Ne4 Nxe4 15. Rxe4 c5 16. Rh4 g6 17. Bh6 Re8 18. Re4 Nf6 19. Bg5 Be7 20. Bxf6 Bxf6 21. Rd1 Qa5 22. Kb1 Red8 23. d5 Qb6 24. Qe2 Rd6 25. b3 a5 26. dxe6 Rxd1+ 27. Qxd1 Rd8 28. exf7+ Kxf7 29. Qe2 a4 30. Re3 axb3 31. Rxb3 Qc7 32. h3 Qd7 33. Kc2 Qf5+ 34. Rd3 Ra8 35. Kb1 Rd8 36. Kc2 Ra8 37. Kb1 Rd8 38. Kc2 Ra8 1/2-1/2

[Event "4NCL Online Division 5"]
[Site "online"]
[Date "2022.02.08"]
[EventDate "2022.02.08"]
[Round "2.102"]
[White "Zsibrita, Steve"]
[WhiteElo "1481"]
[WhiteTeam "Hertford 3"]
[Black "Hoang, Toan"]
[BlackElo "1500"]
[BlackTeam "Charlton Cobras C"]
[Result "1/2-1/2"]
[PlyCount "101"]

1. d4 Nf6 2. Bf4 d5 3. e3 Bf5 4. c4 e6 5. Qb3 Qc8 6. Nc3 c6 7. Be2 Be7 8. Nf3 h6 9. Ne5 O-O 10. O-O Nbd7 11. h3 Nxe5 12. dxe5 Ne4 13. Nxe4 Bxe4 14. cxd5 cxd5 15. Rac1 Qd7 16. Bb5 Qd8 17. Rc3 a6 18. Bd3 Bxd3 19. Rxd3 b5 20. e4 d4 21. Bd2 Qb6 22. Bb4 Bxb4 23. Qxb4 Rfd8 24. Rfd1 a5 25. Qd2 Rac8 26. Rxd4 Rxd4 27. Qxd4 Qxd4 28. Rxd4 Rc2 29. b4 a4 30. Rd8+ Kh7 31. Rb8 Rxa2 32. Rxb5 Rb2 33. Rb7 a3 34. Ra7 Rxb4 35. Rxa3 Rxe4 36. Rf3 Kg8 37. Re3 Rd4 38. g3 g5 39. Kg2 Kg7 40. g4 Kg6 41. Kg3 Rd1 42. Kg2 h5 43. gxh5+ Kxh5 44. Rf3 Kg6 45. Rf6+ Kg7 46. Rf3 Rd5 47. Re3 Kg6 48. Kg3 Kf5 49. Rf3+ Kg6 50. Re3 Rd1 51. Kg2 1/2-1/2

[Event "4NCL Online Division 5"]
[Site "online"]
[Date "2022.02.08"]
[EventDate "2022.02.08"]
[Round "2.103"]
[White "Sobrinho, Miguel"]
[WhiteElo "983"]
[WhiteTeam "Charlton Cobras C"]
[Black "Humeniuk, Michael"]
[BlackElo "1510"]
[BlackTeam "Hertford 3"]
[Result "1-0"]
[PlyCount "39"]

1. e4 e5 2. Nf3 Nc6 3. Bb5 a6 4. Ba4 d6 5. O-O Nf6 6. Re1 b5 7. Bb3 Bg4 8. c3 Na5 9. Bc2 Be7 10. d4 exd4 11. cxd4 O-O 12. Qd3 c6 13. Bg5 Re8 14. Bxf6 Bxf6 15. e5 Bxf3 16. Qxh7+ Kf8 17. Qh8+ Ke7 18. exf6+ Kxf6 19. Qh4+ g5 20. Qh6# 1-0

[Event "4NCL Online Division 5"]
[Site "online"]
[Date "2022.02.08"]
[EventDate "2022.02.08"]
[Round "2.104"]
[White "Lynch, Mark"]
[WhiteElo "1430"]
[WhiteTeam "Hertford 3"]
[Black "Goje, Dan"]
[BlackElo "1000"]
[BlackTeam "Charlton Cobras C"]
[Result "1/2-1/2"]
[PlyCount "91"]

1. d4 d5 2. Nc3 e6 3. Bf4 Nf6 4. e3 c5 5. Nb5 Na6 6. c3 Be7 7. Bd3 O-O 8. Nf3 Nh5 9. Bg3 Nxg3 10. hxg3 h6 11. Ne5 c4 12. Bc2 Bd7 13. Nxd7 Qxd7 14. a4 Nc7 15. Nxc7 Qxc7 16. Kd2 f5 17. f4 Rab8 18. g4 Qd7 19. gxf5 exf5 20. Qf3 b5 21. b4 cxb3 22. Bxb3 bxa4 23. Bxd5+ Kh7 24. Bc6 Qc7 25. Bxa4 Rfc8 26. Rhc1 Qb7 27. Qxb7 Rxb7 28. Bc2 g6 29. Rcb1 Rbc7 30. Rb3 Rxc3 31. Rxc3 Bb4 32. Ra3 a5 33. Kd3 Rxc3+ 34. Rxc3 Bxc3 35. Kxc3 g5 36. d5 Kg6 37. d6 Kf6 38. d7 Ke7 39. Bxf5 h5 40. fxg5 h4 41. g6 Kf6 42. d8=Q+ Kxf5 43. Qxh4 Kxg6 44. Qa4 Kf5 45. Qxa5+ Ke4 46. Kd2 1/2-1/2

[Event "4NCL Online Division 5"]
[Site "online"]
[Date "2022.02.08"]
[EventDate "2022.02.08"]
[Round "2.111"]
[White "Hunter, Gary"]
[WhiteElo "1465"]
[WhiteTeam "Deaf England 2"]
[Black "Qiu, Calvin"]
[BlackElo "1029"]
[BlackTeam "MHJ Knights"]
[Result "1-0"]
[PlyCount "86"]

1. Nf3 Nf6 2. g3 d6 3. Bg2 e5 4. d3 Nc6 5. O-O Be6 6. Nbd2 Be7 7. c4 h6 8. b3 Qd7 9. Bb2 g5 10. a3 Nh7 11. d4 exd4 12. Nxd4 Nxd4 13. Bxd4 Nf6 14. Bxb7 Rb8 15. Bg2 c5 16. Bc3 Bh3 17. Ne4 Nxe4 18. Bxh8 Bxg2 19. Kxg2 Nf6 20. Qd3 Qc6+ 21. Kg1 Kd7 22. Qf5+ Kc7 23. Bxf6 Bxf6 24. Qxf6 Qd7 25. Rfd1 Rxb3 26. Qxh6 Rc3 27. Rdc1 Rxc1+ 28. Rxc1 Qg4 29. Rd1 Qxc4 30. Qxd6+ Kb7 31. Qd5+ Qxd5 32. Rxd5 Kc6 33. Rxg5 c4 34. Rg8 Kb5 35. h4 Ka4 36. h5 Kb3 37. h6 c3 38. h7 c2 39. Rc8 Kb2 40. h8=Q+ Kb1 41. Qc3 a5 42. Qxc2+ Ka1 43. Rb8 a4 1-0

[Event "4NCL Online Division 5"]
[Site "online"]
[Date "2022.02.08"]
[EventDate "2022.02.08"]
[Round "2.112"]
[White "Bedretdinov, Rasul"]
[WhiteElo "935"]
[WhiteTeam "MHJ Knights"]
[Black "Gibson, Stephen"]
[BlackElo "1518"]
[BlackTeam "Deaf England 2"]
[Result "1/2-1/2"]
[PlyCount "81"]

1. e4 a6 2. d4 b5 3. Nf3 Bb7 4. Bd3 e6 5. O-O c5 6. c3 cxd4 7. cxd4 Nf6 8. e5 Nd5 9. Nbd2 Nc6 10. a3 d6 11. Ne4 dxe5 12. dxe5 Qc7 13. Re1 Nxe5 14. Nxe5 Qxe5 15. Nc5 Qc7 16. Nxb7 Qxb7 17. Be4 Rd8 18. a4 Bb4 19. Bd2 Bxd2 20. Qxd2 O-O 21. Qc2 h6 22. Red1 Nb4 23. Qe2 Qb6 24. axb5 Qxb5 25. Qf3 Nd5 26. Rab1 Rd6 27. Bd3 Qb6 28. Qe4 Nf6 29. Qe2 Rfd8 30. h3 a5 31. Bc2 Rxd1+ 32. Rxd1 Rxd1+ 33. Qxd1 Nd5 34. Qe2 Nb4 35. Bb1 Qc5 36. Qd2 Qd5 37. Qc1 Qc6 38. Qd1 Qd5 39. Qc1 Qc6 40. Qd1 Qd5 41. Qc1 1/2-1/2

[Event "4NCL Online Division 5"]
[Site "online"]
[Date "2022.02.08"]
[EventDate "2022.02.08"]
[Round "2.113"]
[White "Masterson, Desmond"]
[WhiteElo "1001"]
[WhiteTeam "Deaf England 2"]
[Black "Groshong, William"]
[BlackElo "895"]
[BlackTeam "MHJ Knights"]
[Result "0-1"]
[PlyCount "66"]

1. e4 e5 2. Nf3 Nc6 3. d4 exd4 4. Nxd4 Nxd4 5. Qxd4 b6 6. Qe5+ Be7 7. Qxg7 Bf6 8. Qg4 d5 9. Qf3 dxe4 10. Qxe4+ Be6 11. Bb5+ Kf8 12. O-O a6 13. Bc4 Bxc4 14. Qxc4 b5 15. Qe2 Qd6 16. Nc3 Re8 17. Ne4 Qe5 18. Re1 Be7 19. c3 Bd6 20. g3 f5 21. f4 Qxe4 22. Qxe4 Rxe4 23. Rxe4 fxe4 24. Be3 Nf6 25. Bd4 Kf7 26. Re1 Re8 27. Kg2 c5 28. Be3 Ng4 29. Kh3 h5 30. Kh4 Kg6 31. Bg1 e3 32. f5+ Kxf5 33. Kxh5 Rh8# 0-1

[Event "4NCL Online Division 5"]
[Site "online"]
[Date "2022.02.08"]
[EventDate "2022.02.08"]
[Round "2.121"]
[White "Rasalingam, Rishi"]
[WhiteElo "1167"]
[WhiteTeam "Barnet Knights E"]
[Black "Garrood, Anthony"]
[BlackElo "1526"]
[BlackTeam "Guildford Castles 3"]
[Result "1-0"]
[PlyCount "83"]

1. e4 e6 2. d4 d5 3. Nc3 Bb4 4. e5 c5 5. Nf3 Nc6 6. Bb5 Qa5 7. Bxc6+ bxc6 8. Bd2 Ne7 9. a3 Bxc3 10. Bxc3 Qb6 11. O-O cxd4 12. Bxd4 c5 13. Be3 O-O 14. c3 Nf5 15. Bc1 Ba6 16. Re1 Rfd8 17. b4 d4 18. bxc5 Qxc5 19. cxd4 Nxd4 20. Be3 Nxf3+ 21. Qxf3 Qe7 22. a4 Bb7 23. Qg3 Rd3 24. Qg4 a6 25. Rab1 Bd5 26. h3 Qa3 27. Bh6 Qf8 28. Rb4 Kh8 29. Be3 Rc8 30. Reb1 Rdc3 31. Rb6 R3c4 32. Qd1 R4c6 33. R1b2 f6 34. Qd3 Bc4 35. Qd7 R6c7 36. Qd4 fxe5 37. Qxe5 Qf5 38. Qd6 Bd5 39. Rb8 Rc6 40. Rxc8+ Rxc8 41. Rb8 e5 42. Rxc8+ 1-0

[Event "4NCL Online Division 5"]
[Site "online"]
[Date "2022.02.08"]
[EventDate "2022.02.08"]
[Round "2.122"]
[White "Long, David"]
[WhiteElo "1501"]
[WhiteTeam "Guildford Castles 3"]
[Black "Sanfey, Peter"]
[BlackElo "1209"]
[BlackTeam "Barnet Knights E"]
[Result "1/2-1/2"]
[PlyCount "68"]

1. e4 e5 2. Nf3 Nc6 3. d4 f6 4. d5 Nb8 5. Bb5 a6 6. Ba4 Bc5 7. O-O b5 8. Bb3 d6 9. h3 a5 10. c3 a4 11. Bc2 Ba6 12. Re1 b4 13. Be3 b3 14. axb3 axb3 15. Bxb3 Be2 16. Ba4+ Rxa4 17. Qxa4+ Kf7 18. Rxe2 g5 19. Bxc5 dxc5 20. Qc4 Qd6 21. Na3 Kg7 22. Nb5 Qb6 23. Ra7 Na6 24. Rxc7+ Nxc7 25. d6 Nxb5 26. d7 Ne7 27. Rd2 Rd8 28. b4 Na3 29. Qa2 cxb4 30. cxb4 Qxb4 31. Rb2 Qd6 32. Rd2 Qb4 33. Rb2 Qd6 34. Rd2 Qb4 1/2-1/2

[Event "4NCL Online Division 5"]
[Site "online"]
[Date "2022.02.08"]
[EventDate "2022.02.08"]
[Round "2.123"]
[White "Chen, Fen"]
[WhiteElo "1100"]
[WhiteTeam "Barnet Knights E"]
[Black "Moreno Serrano, Carlos"]
[BlackElo "1476"]
[BlackTeam "Guildford Castles 3"]
[Result "1/2-1/2"]
[PlyCount "181"]

1. d4 Nf6 2. Nf3 g6 3. Bg5 h6 4. Bxf6 exf6 5. e4 d6 6. Bc4 Bg4 7. Nbd2 Nc6 8. c3 Bg7 9. Qb3 O-O 10. Qxb7 Na5 11. Qa6 Nxc4 12. Qxc4 f5 13. O-O-O fxe4 14. Nxe4 Bxf3 15. gxf3 d5 16. Qe2 dxe4 17. fxe4 Qg5+ 18. Kb1 c5 19. d5 Rab8 20. h4 Qe5 21. Rc1 Rfe8 22. f3 f5 23. Rhe1 a5 24. Qc4 Qc7 25. d6+ Qf7 26. Qxc5 Qb7 27. Re2 fxe4 28. Qc4+ Kh8 29. fxe4 Be5 30. Rd1 Red8 31. Rd5 Bxd6 32. Qd4+ Qg7 33. e5 Bc7 34. Rxd8+ Rxd8 35. Qc5 Rd1+ 36. Kc2 Rd7 37. e6 Re7 38. Qc6 Qf6 39. Qa8+ Kg7 40. Qd5 Qxh4 41. a3 Qa4+ 42. Kb1 Qf4 43. Re1 Kf6 44. Qb5 Qf5+ 45. Qxf5+ gxf5 46. Rh1 Bf4 47. Rf1 Bg5 48. Kc2 Rxe6 49. b3 h5 50. c4 Re3 51. b4 axb4 52. axb4 Ke5 53. c5 Kd5 54. Rxf5+ Re5 55. Rf1 Kc4 56. c6 Kxb4 57. Kd3 Rc5 58. Rg1 Bd8 59. Rg6 h4 60. Kd4 h3 61. Rh6 h2 62. Rxh2 Rxc6 63. Rb2+ Ka3 64. Re2 Bb6+ 65. Kd5 Rc5+ 66. Kd6 Kb4 67. Rb2+ Ka5 68. Ra2+ Kb5 69. Rb2+ Ka6 70. Ra2+ Kb7 71. Rb2 Rc6+ 72. Kd7 Rh6 73. Rb3 Rh7+ 74. Ke6 Kc7 75. Rc3+ Kd8 76. Rd3+ Ke8 77. Rf3 Bd4 78. Rf4 Re7+ 79. Kd5 Rd7+ 80. Kc4 Be5 81. Re4 Re7 82. Rg4 Rd7 83. Rg8+ Kf7 84. Rg2 Rd6 85. Rf2+ Ke6 86. Rg2 Rc6+ 87. Kb5 Kd7 88. Rg5 Bd6 89. Rg7+ Be7 90. Rxe7+ Kxe7 91. Kxc6 1/2-1/2

[Event "4NCL Online Division 5"]
[Site "online"]
[Date "2022.02.08"]
[EventDate "2022.02.08"]
[Round "2.124"]
[White "Berry, Lawrence"]
[WhiteElo "1322"]
[WhiteTeam "Guildford Castles 3"]
[Black "Morin, Julian"]
[BlackElo "897"]
[BlackTeam "Barnet Knights E"]
[Result "1-0"]
[PlyCount "93"]

1. b3 g6 2. Bb2 Nf6 3. e3 Bg7 4. d4 d6 5. Bd3 Nbd7 6. Nc3 b6 7. Qd2 Bb7 8. f3 c6 9. Ne4 c5 10. O-O-O a5 11. d5 Bc6 12. dxc6 Ne5 13. Bxe5 dxe5 14. Bb5 Qxd2+ 15. Rxd2 O-O 16. Nxf6+ exf6 17. Ne2 Bh6 18. Rd7 Bxe3+ 19. Kb1 Rfd8 20. Rhd1 Rdc8 21. c7 Bd4 22. c3 Kg7 23. cxd4 Ra7 24. d5 Rcxc7 25. Rxc7 Rxc7 26. d6 Rc8 27. d7 Rd8 28. Rd6 Kf8 29. Rc6 Ke7 30. Rc8 Rxd7 31. Bxd7 Kxd7 32. Rh8 h5 33. Rg8 Ke6 34. Rb8 Kf5 35. Rxb6 g5 36. Rb5 e4 37. Rxc5+ Kg6 38. fxe4 g4 39. g3 a4 40. b4 f5 41. exf5+ Kf6 42. b5 Kg5 43. b6 f6 44. b7 Kh6 45. b8=Q Kg5 46. Qg8+ Kh6 47. Qg6# 1-0

[Event "4NCL Online Division 5"]
[Site "online"]
[Date "2022.02.08"]
[EventDate "2022.02.08"]
[Round "2.132"]
[White "Horwood, Alexander"]
[WhiteElo "937"]
[WhiteTeam "Harrow Juniors 3"]
[Black "Warren, Archie"]
[BlackElo "1359"]
[BlackTeam "Farnham C"]
[Result "0-1"]
[PlyCount "126"]

1. e4 c5 2. d4 cxd4 3. c3 d3 4. Bxd3 Nc6 5. Nf3 d6 6. c4 g6 7. Be3 Bg7 8. Nc3 Nf6 9. O-O O-O 10. Qd2 Bd7 11. Bh6 a6 12. Nd5 Ng4 13. Bxg7 Kxg7 14. Qc3+ Nge5 15. Nxe5 dxe5 16. f4 f6 17. Rae1 Rb8 18. Re3 Kg8 19. Rg3 exf4 20. Nxf4 Ne5 21. Be2 Rc8 22. b3 Qb6+ 23. Rf2 Bc6 24. Nxg6 Nxg6 25. Bh5 Be8 26. Bxg6 Bxg6 27. h4 Kh8 28. e5 Rcd8 29. Qe1 Qd4 30. exf6 Rxf6 31. Qxe7 Qxf2+ 32. Kh2 Re8 33. Qd7 Re4 34. h5 Rh4+ 35. Rh3 Qf4+ 36. Kg1 Qf2+ 37. Kh2 Rxh3+ 38. Qxh3 Bf5 39. Qg3 Qxg3+ 40. Kxg3 Bb1 41. a3 Ba2 42. b4 Bxc4 43. Kg4 Kg7 44. Kh4 Be6 45. Kg5 Rf5+ 46. Kh4 Rf4+ 47. Kg3 Rg4+ 48. Kf3 Rg5 49. g3 Rxh5 50. Ke4 Rd5 51. a4 Kf6 52. Ke3 Ke5 53. Kf2 Kf5 54. Ke3 Kg4 55. b5 axb5 56. a5 b4 57. a6 bxa6 58. Kf2 b3 59. Kg2 b2 60. Kf2 b1=Q 61. Ke2 Rd3 62. Kf2 Qd1 63. Kg2 Rd2# 0-1

[Event "4NCL Online Division 5"]
[Site "online"]
[Date "2022.02.08"]
[EventDate "2022.02.08"]
[Round "2.133"]
[White "Warnock, Oliver"]
[WhiteElo "1333"]
[WhiteTeam "Farnham C"]
[Black "Wang, Xiling"]
[BlackElo "915"]
[BlackTeam "Harrow Juniors 3"]
[Result "1-0"]
[PlyCount "79"]

1. d4 d5 2. c4 c6 3. Nc3 Nf6 4. Bg5 e6 5. Nf3 Bb4 6. e3 O-O 7. Bd3 dxc4 8. Bxc4 b5 9. Bd3 Nbd7 10. Qc2 Rb8 11. Bxh7+ Nxh7 12. Bxd8 Rxd8 13. O-O c5 14. dxc5 Bxc5 15. Rfd1 b4 16. Ne4 Rb5 17. Ne5 Nhf6 18. Nxf6+ gxf6 19. Nxd7 Bxd7 20. Rd3 Bb6 21. Rad1 Rd5 22. Rxd5 exd5 23. Rxd5 Kg7 24. Qe4 f5 25. Qe5+ Kf8 26. h3 Re8 27. Qh8+ Ke7 28. Re5+ Kd6 29. Rxe8 Bxe8 30. Qxe8 Kc5 31. Qc8+ Kb5 32. Qxf5+ Ka6 33. h4 f6 34. h5 b3 35. axb3 Bc7 36. h6 Be5 37. h7 Bxb2 38. h8=Q Bc3 39. Qhc8+ Kb6 40. Qfc5# 1-0

[Event "4NCL Online Division 5"]
[Site "online"]
[Date "2022.02.22"]
[EventDate "2022.02.22"]
[Round "3.12"]
[White "Patel, Krrish"]
[WhiteElo "1632"]
[WhiteTeam "Harrow Juniors 1"]
[Black "Hayes, Callum"]
[BlackElo "1600"]
[BlackTeam "Beckenham"]
[Result "1-0"]
[PlyCount "95"]

1. d4 Nf6 2. Bf4 c5 3. e3 Qb6 4. Nc3 Qxb2 5. Nb5 Na6 6. Rb1 Qxa2 7. Ra1 Qb2 8. Rb1 Qa2 9. dxc5 Qa5+ 10. c3 Nxc5 11. Nc7+ Kd8 12. Nxa8 Qxc3+ 13. Qd2 Qxd2+ 14. Kxd2 Nfe4+ 15. Ke1 f6 16. Nf3 e5 17. Bg3 d5 18. Rd1 Be6 19. Nd2 Nxd2 20. Rxd2 Bd6 21. Be2 Ke7 22. Nb6 axb6 23. f3 e4 24. Bxd6+ Kxd6 25. Kf2 Ra8 26. Rhd1 f5 27. Rb2 Kc6 28. Rdb1 Nd7 29. Bb5+ Kc7 30. Bxd7 Bxd7 31. Rxb6 Bc6 32. fxe4 fxe4 33. Kg3 Rf8 34. R6b2 Kd6 35. Rf2 Rxf2 36. Kxf2 Ke5 37. Rb4 h6 38. Ke2 g5 39. Kd2 Kf5 40. Kc3 Kg4 41. Kd4 h5 42. Rb2 h4 43. Rc2 h3 44. Rb2 Kh4 45. g3+ Kg4 46. Rf2 b5 47. Kc5 d4 48. Kxd4 1-0

[Event "4NCL Online Division 5"]
[Site "online"]
[Date "2022.02.22"]
[EventDate "2022.02.22"]
[Round "3.13"]
[White "Mourant, Malcolm"]
[WhiteElo "1542"]
[WhiteTeam "Beckenham"]
[Black "Evans, Daniel"]
[BlackElo "1560"]
[BlackTeam "Harrow Juniors 1"]
[Result "1/2-1/2"]
[PlyCount "78"]

1. e4 e6 2. d4 d5 3. e5 c5 4. Nf3 Nc6 5. Bb5 Ne7 6. O-O a6 7. Bxc6+ Nxc6 8. Be3 Bd7 9. dxc5 Qc7 10. Re1 h6 11. Bd4 Nxd4 12. Nxd4 Bxc5 13. c3 f6 14. exf6 Bxd4 15. cxd4 gxf6 16. Qh5+ Ke7 17. Qxd5 Rag8 18. Qc5+ Qxc5 19. dxc5 Bc6 20. g3 Rg5 21. b4 a5 22. a3 Ra8 23. Nc3 Rg4 24. b5 Bf3 25. Re3 Rc4 26. Rxf3 Rxc5 27. a4 Rac8 28. Ne4 Rc1+ 29. Rxc1 Rxc1+ 30. Kg2 f5 31. Rc3 Ra1 32. Nc5 b6 33. Nb3 Rxa4 34. Rc7+ Kd8 35. Ra7 Rb4 36. Nxa5 bxa5 37. Rxa5 Ke7 38. f4 Rb2+ 39. Kh3 Kf6 1/2-1/2

[Event "4NCL Online Division 5"]
[Site "online"]
[Date "2022.02.22"]
[EventDate "2022.02.22"]
[Round "3.14"]
[White "Jayakumar, Bharath"]
[WhiteElo "1478"]
[WhiteTeam "Harrow Juniors 1"]
[Black "McAuliffe, Dylan"]
[BlackElo "1510"]
[BlackTeam "Beckenham"]
[Result "0-1"]
[PlyCount "90"]

1. d4 Nf6 2. c4 g6 3. Nc3 Bg7 4. Bf4 d5 5. Nf3 O-O 6. e3 a6 7. Be2 dxc4 8. Bxc4 b5 9. Bd3 Bb7 10. O-O Nbd7 11. a3 Rc8 12. Bc2 Nh5 13. Bg3 Nxg3 14. fxg3 c5 15. Kh1 Qb6 16. Rc1 Rfd8 17. Ng5 Nf6 18. Qe2 Bh6 19. Nf3 Bxf3 20. Rxf3 cxd4 21. Na2 dxe3 22. Rcf1 Rd2 23. Qe1 Rcxc2 24. Nb4 e2 25. Nxc2 exf1=Q+ 26. Rxf1 Rxc2 27. Qxe7 Qe6 28. Qd8+ Ne8 29. h3 Qe2 30. Rg1 Rd2 31. Qa8 Bf8 32. Qxa6 Bc5 33. Qa8 Bxg1 34. Kxg1 Qe1+ 35. Kh2 Rd1 36. g4 Qe5+ 37. g3 Rd2+ 38. Qg2 Qd5 39. Qxd2 Qxd2+ 40. Kh1 Kg7 41. Kg1 Kf6 42. Kf1 Ke5 43. Kg1 Ke4 44. Kh1 Kf3 45. Kg1 Qg2# 0-1